• 首页
  • 本馆介绍
  • 公告通知
  • 最新文献
  • 馆藏检索
  • 电子资源
  • 读者导购
  • 参考咨询
  • 我的图书馆
  • 登录
  • 详细信息显示
  • 放入我的书架
  • 预约/预借图书
  • 作者相关作品
  • 分类相关作品
  • 丛书相关作品
  • 出版社相关作品

书目信息

  • 表格格式
  • 工作单格式
  • 卡片格式
题名:
松嫩平原盐碱地改良利用
    
 
作者: 赵兰坡 , 王宇 , 冯君 著
分册:  
出版信息: 北京   科学出版社  2013.05
页数: 246页
开本: 26cm
丛书名:
单 册:
中图分类: S156.4
科图分类:
主题词: 盐碱土改良
电子资源:
ISBN: 978-7-03-037138-6
000 01205nam0 2200289 450
001 012013127092
005 20140610104756.98
010    @a978-7-03-037138-6@dCNY79.00
100    @a20130531d2013 em y0chiy0110 ea
101 0  @achi
102    @aCN@b110000
105    @aafk z 000yy
106    @ar
200 1  @a松嫩平原盐碱地改良利用@9song nen ping yuan yan jian di gai liang li yong@e理论与技术@f赵兰坡,王宇,冯君等著
210    @a北京@c科学出版社@d2013.05
215    @a246页@c图,图版(4页)@d26cm
330    @a本书重点论述了松嫩平原盐碱土资源的概况与利用上存在的主要问题、松嫩平原盐碱土类型分布的微域性特性、农业利用上存在的主要制约因素;阐明土壤的矿物组成特征及其对改良利用的影响、盐碱土有机质的快速提升的理论及关键技术和盐碱土稻田土壤养分的调控技术。
333    @a大专院校及科研院校所的教师和研究人员在土壤改良课程方面的教学参考书,高校及科研单位涉及学科专业的本科生、硕士研究生、博士研究生学习参考书
606 0  @a盐碱土改良
607    @a松嫩平原@x盐碱土改良@x研究
607    @a松嫩平原
690    @aS156.4@v5
701  0 @a赵兰坡@9zhao lan po@4著
701  0 @a王宇@9wang yu@4著
701  0 @a冯君@9feng jun@4著
801  0 @aCN@b人天书店@c20130531
905    @b846133-35@dS156.4@e81@f3
    
    松嫩平原盐碱地改良利用:理论与技术/赵兰坡,王宇,冯君等著.-北京:科学出版社,2013.05
    246页:图,图版(4页);26cm
    使用对象:大专院校及科研院校所的教师和研究人员在土壤改良课程方面的教学参考书,高校及科研单位涉及学科专业的本科生、硕士研究生、博士研究生学习参考书
    
    ISBN 978-7-03-037138-6:CNY79.00
    本书重点论述了松嫩平原盐碱土资源的概况与利用上存在的主要问题、松嫩平原盐碱土类型分布的微域性特性、农业利用上存在的主要制约因素;阐明土壤的矿物组成特征及其对改良利用的影响、盐碱土有机质的快速提升的理论及关键技术和盐碱土稻田土壤养分的调控技术。
●
相关链接 在E读中查询图书 在五车中查询图书 在当当中查询图书 在豆瓣中查询图书


正题名:松嫩平原盐碱地改良利用     索取号:S156.4/81         预约/预借

序号 登录号 条形码 馆藏地/架位号 状态 备注
1 846133   208461332   第二样本阅览室/ [索取号:S156.4/81] 在馆    
2 846134   208461341   密集书库-资源管理系/ [索取号:S156.4/81] 在馆    
3 846135   208461350   第三借阅区/ [索取号:S156.4/81] 在馆    
唐山师范学院图书馆 欢迎您!
大连网信软件有限公司© 版权所有